Safeguarding the republic : (Record no. 13688)

000 -LEADER
fixed length control field 00424pam a2200145 a 4500
020 ## - INTERNATIONAL STANDARD BOOK NUMBER
ISBN 0070330166 :
040 ## - CATALOGING SOURCE
Transcribing agency DLC
082 00 - DEWEY DECIMAL CLASSIFICATION NUMBER
Classification number 327 MCG 1992 A010 Or.
100 1# - MAIN ENTRY--AUTHOR NAME
Personal name Jones, Howard,
245 00 - TITLE STATEMENT
Title Safeguarding the republic :
Remainder of title essays and documents in American foreign relations, 1890-1991 /
260 ## - PUBLICATION, DISTRIBUTION, ETC. (IMPRINT)
Place of publication New York :
Name of publisher McGraw-Hill,
Year of publication c1992.
300 ## - PHYSICAL DESCRIPTION
Number of Pages xxiii, 485 p. ;
Dimensions 24 cm.
500 ## - GENERAL NOTE
General note Includes index.
942 ## - ADDED ENTRY ELEMENTS (KOHA)
Koha item type សៀវភៅភាសាអង់គ្លេស
952 ## - LOCATION AND ITEM INFORMATION (KOHA)
Withdrawn status [LOCAL, KOHA] 0
Holdings
Permanent Location Date acquired Koha item type Lost status Shelving location Barcode Current Location Full call number
Library Block A2017-08-29សៀវភៅភាសាអង់គ្លេស A010A18020Library Block A327 MCG 1992 A010 Or.
មជ្ឈមណ្ឌលឯការនៃសាកលវិទ្យាល័យភូមិន្ទកសិកម្មចំការដូង

Powered by Koha